| 000 | 00966nam a22002657a 4500 | ||
|---|---|---|---|
| 001 | 6134 | ||
| 003 | FISKH | ||
| 005 | 20250318104836.0 | ||
| 008 | 250318b cb ||||| |||| 00| 0 eng d | ||
| 020 | _a9780439425209 | ||
| 040 |
_aFISKH _beng _cFISKH _dFISKH |
||
| 050 | _aPZ7.Y3638 M | ||
| 082 | _a813.6 | ||
| 100 | _aYee, Lisa | ||
| 245 |
_aMillicent Mint : _bGirl genius / _cby Lisa Yee |
||
| 250 | _aFirst paperback printing, January 2004 | ||
| 260 |
_aNew York : _bScholastic ; _c2003. |
||
| 300 |
_a148 pages : _billustrations ; _c20 cm . |
||
| 490 |
_aMilicent Min _vBook 1 |
||
| 520 | _aIn a series of journal entries, eleven-year-old child prodigy Millicent Min records her struggles to learn to play volleyball, tutor her enemy, deal with her grandmother's departure, and make friends over the course of a tumultuous summer. | ||
| 650 |
_avolleyball _vFiction |
||
| 700 |
_aParisi, Elizabeth _eDesigner |
||
| 942 |
_2ddc _cBK _n0 |
||
| 999 |
_c6134 _d6134 |
||